Seminar on "Is Malaysia Ready for Condominium?" (1979 May 3:Kuala Lumpur) (Working papers) Kuala Lumpur:Wilayah Persekutuan/Selangor Branch Housing Developers Association Malaysia, 1979.
| Format: | Book |
|---|
MARC
| LEADER | 00000cam a2200000 7i4500 | ||
|---|---|---|---|
| 001 | 0000006440 | ||
| 005 | 20000204.0 | ||
| 040 | |a INS | ||
| 090 | 0 | 0 | |a S2 |
| 245 | 0 | 0 | |a Seminar on "Is Malaysia Ready for Condominium?" (1979 May 3:Kuala Lumpur) (Working papers) Kuala Lumpur:Wilayah Persekutuan/Selangor Branch Housing Developers Association Malaysia, 1979. |
| 999 | |a S000000028 |b BOOK |c Seminar |e Default branch | ||